UCSC Library OPAC

Expert Systems Principles and Programming (Record no. 26976)

MARC details
000 -LEADER
fixed length control field 00500nam a2200205Ia 4500
008 - FIXED-LENGTH DATA ELEMENTS--GENERAL INFORMATION
fixed length control field 240510s9999 xx 000 0 und d
020 ## - INTERNATIONAL STANDARD BOOK NUMBER
International Standard Book Number 0009812403949
041 ## - LANGUAGE CODE
Language code of text/sound track or separate title English
082 ## - DEWEY DECIMAL CLASSIFICATION NUMBER
Classification number 006.33
082 ## - DEWEY DECIMAL CLASSIFICATION NUMBER
Cutter number G31
100 ## - MAIN ENTRY--PERSONAL NAME
Personal name Giarratano J. & Riley G.
245 #0 - TITLE STATEMENT
Title Expert Systems Principles and Programming
250 ## - EDITION STATEMENT
Edition statement 3rd ed.
260 ## - PUBLICATION, DISTRIBUTION, ETC.
Name of publisher, distributor, etc. Vikas Pub. :Canada
260 ## - PUBLICATION, DISTRIBUTION, ETC.
Date of publication, distribution, etc. 1998
300 ## - PHYSICAL DESCRIPTION
Extent (Pages) 597 p.
650 ## - SUBJECT ADDED ENTRY--TOPICAL TERM
Topical term or geographic name entry element Expert Systems ; Knowledge Base Systems
942 ## - ADDED ENTRY ELEMENTS (KOHA)
Source of classification or shelving scheme Dewey Decimal Classification
942 ## - ADDED ENTRY ELEMENTS (KOHA)
Koha item type Lending Book
945 ## - LOCAL PROCESSING INFORMATION (OCLC)
creator borrowernumber 1
creator name Madushi Gamage
modifier borrowernumber 1
modifier name Madushi Gamage
Holdings
Withdrawn status Lost status Source of classification or shelving scheme Damaged status Not for loan Collection code Home library Current library Shelving location Date acquired Inventory number Total Checkouts Full call number Barcode Date last seen Price effective from Koha item type
    Dewey Decimal Classification     Lending Collection UCSC Library UCSC Library Lending Section 27/06/2024 7226   006.33 G31 A17226 27/06/2024 27/06/2024 Lending Book